[Event "Int ch-SVK OpenA"]
[Site "Banska Stiavnica SVK"]
[Date "2010.07.11"]
[Round "2"]
[White "Maslik,M"]
[Black "De Marchi,O"]
[Result "1-0"]
[WhiteElo "2412"]
[BlackElo "2212"]

1.d4 Nf6 2.c4 g6 3.Nc3 Bg7 4.e4 d6 5.Be2 O-O 6.Nf3 e5 7.O-O Nc6 8.d5 Ne7
9.Ne1 Nd7 10.Nd3 f5 11.Bd2 Kh8 12.Rc1 c5 13.f4 exf4 14.Nxf4 Bd4+ 15.Kh1 Nf6
16.Bf3 fxe4 17.Nxe4 Nxe4 18.Bxe4 Bxb2 19.Rb1 Bd4 20.Ne6 Rxf1+ 21.Qxf1 Bxe6
22.dxe6 Nf5 23.Rxb7 Qg8 24.Bxf5 gxf5 25.Qxf5 Re8 26.Rf7 Bg7 27.Bg5 h6 28.Rxg7 Qxe6
29.Qh7+  1-0

[Event "5th Nana Aleksandria Cup"]
[Site "Poti GEO"]
[Date "2010.07.11"]
[Round "1"]
[White "Hamandi,M"]
[Black "Kashia,V"]
[Result "0-1"]
[WhiteElo "2258"]
[BlackElo "1720"]

1.d4 Nf6 2.c4 g6 3.Nc3 Bg7 4.Nf3 d6 5.e4 O-O 6.Be2 Nc6 7.O-O e5 8.d5 Ne7
9.b4 h6 10.Nd2 g5 11.c5 Ne8 12.Nc4 f5 13.f3 f4 14.cxd6 cxd6 15.b5 h5 16.b6 axb6
17.Ba3 Rf6 18.Na4 Rh6 19.h3 g4 20.fxg4 hxg4 21.hxg4 Rh7 22.Rc1 Ng6 23.Rc3 f3
24.Bxf3 Qh4 25.Ne3 Nf4 26.Qe1 Qh2+ 27.Kf2 Bf6 28.Nf5 Bxf5 29.Qb1 Bxg4 30.Bxg4 Qxg2+
31.Ke3 Rh3+  0-1

[Event "1st Open"]
[Site "Vaujany FRA"]
[Date "2010.07.11"]
[Round "2"]
[White "Lees,J"]
[Black "Vasquez,G"]
[Result "0-1"]
[WhiteElo "1857"]
[BlackElo "2024"]

1.d4 Nf6 2.c4 g6 3.Nc3 Bg7 4.e4 d6 5.Nf3 O-O 6.Be2 e5 7.O-O Nc6 8.d5 Ne7
9.Ne1 Ne8 10.Be3 f5 11.f3 f4 12.Bf2 g5 13.a4 a5 14.Nd3 h5 15.c5 Ra6 16.b4 dxc5
17.Bxc5 Rg6 18.h3 axb4 19.Nxb4 Kh8 20.a5 Nd6 21.a6 bxa6 22.Nxa6 Ng8 23.Nb5 Nxb5
24.Bxb5 g4 25.fxg4 hxg4 26.hxg4 Bxg4 27.Be2 f3 28.Bxf3 Rxf3 29.Rxf3 Bh6 30.Qd3 Bxf3
31.Qxf3 Bf4 32.Kf1 Qa8 33.Qa3 Rg3 34.Qa4 Qc8 35.Qc6 Qg4 36.Qe6 Qh4 37.Bg1 Qh1
38.Ra2 Rc3  0-1

[Event "Open A"]
[Site "Oberwart AUT"]
[Date "2010.07.14"]
[Round "2"]
[White "Heiny,J"]
[Black "Rieger,R"]
[Result "1/2-1/2"]
[WhiteElo "2270"]
[BlackElo "2041"]

1.d4 Nf6 2.c4 g6 3.Nc3 Bg7 4.e4 d6 5.Nf3 O-O 6.Be2 e5 7.O-O Nc6 8.d5 Ne7
9.Ne1 Nd7 10.Be3 f5 11.f3 f4 12.Bf2 g5 13.Nb5 b6 14.b4 Rf6 15.Nd3 a6 16.Nc3 Rh6
17.a4 Qe8 18.Be1 Kh8 19.a5 Ng8 20.Qa4 Qh5 21.h3 Nc5 22.bxc5 Bxh3 23.Kf2 Qh4+
24.Kg1 Qh5 25.Kf2 Qh4+ 26.Kg1 Qh5 27.Kf2  1/2-1/2

[Event "1st Open"]
[Site "Vaujany FRA"]
[Date "2010.07.14"]
[Round "5"]
[White "Prakken,G"]
[Black "Stets,D"]
[Result "1-0"]
[WhiteElo "2194"]
[BlackElo "2478"]

1.Nf3 Nf6 2.c4 g6 3.Nc3 Bg7 4.e4 d6 5.d4 O-O 6.Be2 e5 7.O-O Nc6 8.d5 Ne7
9.Bg5 Nh5 10.Ne1 Nf4 11.Nd3 Nxe2+ 12.Qxe2 b6 13.a4 a5 14.b4 h6 15.Bd2 f5
16.f3 g5 17.bxa5 bxa5 18.Nb5 c6 19.dxc6 Nxc6 20.Nf2 Nd4 21.Qd3 fxe4 22.Nxe4 Bf5
23.Be3 d5 24.cxd5 Qxd5 25.Bxd4 Rad8 26.Rac1 exd4 27.h3 Be5 28.Nc7 Bxe4 29.fxe4 Rxf1+
30.Rxf1 Qa2 31.Qa6 Kh7 32.Qxa5 Bg7 33.Qf5+ Kg8 34.Ne6 Rd7 35.Qg6  1-0

[Event "2nd Artemis Cup"]
[Site "Leros GRE"]
[Date "2010.07.15"]
[Round "4"]
[White "Jankovic,A"]
[Black "Zawadzka,J"]
[Result "1-0"]
[WhiteElo "2567"]
[BlackElo "2415"]

1.d4 Nf6 2.Nf3 g6 3.c4 Bg7 4.Nc3 d6 5.e4 O-O 6.Be2 e5 7.O-O Nc6 8.d5 Ne7
9.Ne1 Nd7 10.Nd3 f5 11.Bd2 Kh8 12.Rc1 c5 13.f4 a6 14.a4 exf4 15.Nxf4 Bd4+
16.Kh1 Nf6 17.Bd3 Be5 18.Qe2 fxe4 19.Bxe4 Nf5 20.Bxf5 Bxf5 21.Ne6 Bxe6 22.dxe6 Qe7
23.Bh6 Qxe6 24.Bxf8 Rxf8 25.Nd5 Kg7 26.Nxf6 Rxf6 27.Qe4 Rf7 28.Rxf7+ Qxf7
29.g3 Bd4 30.b3 b6 31.Re1 Bc3 32.Rd1 Bd4 33.Qg2 h5 34.Rf1 Qe7 35.Qf3 Bf6
36.Kg2 Bd4 37.h3 Be5 38.Qd5 Bd4 39.Qf3 Be5 40.Rf2 Bd4 41.Re2 Be5 42.g4 h4
43.Qc6 Qd8 44.Qb7+ Kh6 45.Rf2 Qe8 46.Rf7 a5 47.Kf3 g5 48.Rh7+ Kg6 49.Qe4+  1-0

[Event "Open A"]
[Site "Oberwart AUT"]
[Date "2010.07.16"]
[Round "4"]
[White "Schneider Zinner,H"]
[Black "Gergacz,A"]
[Result "1/2-1/2"]
[WhiteElo "2343"]
[BlackElo "2429"]

1.Nf3 Nf6 2.c4 d6 3.d4 g6 4.Nc3 Bg7 5.e4 O-O 6.Be2 e5 7.O-O Nc6 8.d5 Ne7
9.b4 Nh5 10.Re1 a5 11.bxa5 Rxa5 12.a4 c5 13.Nb5 Nf4 14.Bf1 Nh5 15.Ra3 Ra6
16.g3 h6 17.Nh4 Kh7 18.Ng2 Nf6 19.Bb2 Nd7 20.Nh4 f5 21.exf5 Nxf5 22.Ng2 Nd4
23.f4 Nb6 24.a5 Na8 25.Bd3 Bf5 26.Nh4 Bxd3 27.Qxd3 Nf5 28.Nxf5 Rxf5 29.fxe5 dxe5
30.Bc3 Nc7 31.Raa1 Ne8 32.Rf1 Raf6 33.Rxf5 Rxf5 34.Rf1 e4 35.Qxe4 Rxf1+ 36.Kxf1 Bxc3
37.Nxc3 Qf6+ 38.Kg2 Nd6 39.Qe6 Qxe6 40.dxe6 Kg7 41.Kf3 Kf8 42.Ne4 Nxc4 43.Nxc5 Nxa5
44.Ke4 Ke7 45.Kd5 b5 46.Nd3 g5 47.Nb4 Kf6 48.Kd6 Nb7+ 49.Kc6 Nd8+ 50.Kxb5 Nxe6
51.Kc4 Kf5 52.Kd3 Kg4 53.Ke4 Kh3 54.Kf5 Kxh2 55.g4 Kg3 56.Nd5 Nd4+ 57.Kg6 Kxg4
58.Nf6+ Kf4 59.Kxh6 Nf5+ 60.Kg6 Nh4+ 61.Kh6 Kf5 62.Nd5 Ng2 63.Ne7+ Kg4 64.Nd5 Kh4
65.Nf6 Nf4 66.Kh7 Nh5 67.Ne4 g4 68.Kg6 Nf4+ 69.Kf5 Ne2 70.Ke5 Ng1 71.Kf4 Nh3+
72.Ke3 Ng5 73.Nxg5 g3  1/2-1/2

[Event "ZDMI Open"]
[Site "Dresden GER"]
[Date "2010.07.17"]
[Round "8"]
[White "Seidel,J"]
[Black "Peil,C"]
[Result "0-1"]
[WhiteElo "2048"]
[BlackElo "1880"]

1.d4 Nf6 2.Nf3 g6 3.c4 Bg7 4.Nc3 O-O 5.e4 d6 6.Be2 e5 7.O-O Nc6 8.d5 Ne7
9.Ne1 Ne8 10.Be3 c5 11.dxc6 bxc6 12.b4 Be6 13.Qa4 f5 14.f3 Nf6 15.Rd1 Qc7
16.b5 d5 17.cxd5 cxd5 18.Rc1 Qd8 19.exd5 Nexd5 20.Bc5 Bh6 21.Nxd5 Bxc1 22.Ne7+ Kg7
23.Nc6 Qd5 24.Bxf8+ Kxf8 25.Qb4+ Kg7 26.Nc2 Bf4 27.Qe7+ Bf7 28.N2b4 Qe6 29.Qc5 Nd7
30.Qc3 Kg8 31.Rd1 h5 32.a4 Kh7 33.Nd5 Rc8 34.Bc4 Qe8 35.Nxa7 Bxd5 36.Nxc8 Qxc8
37.Rxd5 Nb6 38.Qd3 Nxc4 39.h4 Be3+ 40.Kf1 Bd4 41.Rxd4 exd4 42.Qxd4 Qc7 43.Ke2 f4
44.Kf2 Ne3 45.Qe4 Qd8 46.Qb4 Qxh4+ 47.Ke2 Qg5 48.b6 Qxg2+ 49.Kd3 Qc2+ 50.Kd4 Nf5+
51.Kd5 Qd3+ 52.Ke6 Nd4+ 53.Kf7 Qf5+ 54.Ke8 Qe6+ 55.Qe7+ Qxe7+ 56.Kxe7 Nc6+
57.Kd6 Na5 58.Kc5 h4 59.Kb5 h3 60.Kxa5 h2 61.b7 h1=Q 62.b8=Q Qe1+ 63.Qb4 Qe5+
64.Qb5 Qc3+ 65.Kb6 Qe3+ 66.Qc5 Qb3+ 67.Kc7 Qxf3 68.a5 Qe3 69.Qb6 Qe7+ 70.Kb8 f3
71.a6 Qf8+ 72.Kb7 f2 73.a7  0-1

[Event "Open A"]
[Site "Oberwart AUT"]
[Date "2010.07.17"]
[Round "5"]
[White "Heiny,M"]
[Black "Klocker,B"]
[Result "1-0"]
[WhiteElo "2053"]
[BlackElo "2211"]

1.d4 Nf6 2.c4 g6 3.Nc3 Bg7 4.e4 d6 5.Nf3 O-O 6.Be2 e5 7.O-O Nc6 8.d5 Ne7
9.Ne1 Ne8 10.Be3 f5 11.f3 f4 12.Bf2 g5 13.c5 Rf7 14.cxd6 cxd6 15.Qb3 Bf8
16.Nb5 b6 17.Nxa7 Rxa7 18.Bxb6 Rc7 19.Nd3 Ng6 20.Rac1 g4 21.Bxc7 Nxc7 22.fxg4 Qg5
23.Qb6 Bxg4 24.Bxg4 Qxg4 25.Rxc7 Nh4 26.Ne1 Rf6 27.Qf2 Rg6 28.Kh1 Bh6 29.Nf3 Bg5
30.Nxh4 Bxh4 31.Qf3 Qg5 32.Qh3 Kh8 33.Qf3 Qh6 34.Qh3 Qg5 35.Rfc1 Bg3 36.Qxh7+  1-0

[Event "XII Open"]
[Site "Sant Marti ESP"]
[Date "2010.07.17"]
[Round "5"]
[White "Gonzalez Garcia,J2"]
[Black "Perez Mitjans,O"]
[Result "1-0"]
[WhiteElo "2508"]
[BlackElo "2424"]

1.d4 Nf6 2.c4 g6 3.Nc3 Bg7 4.e4 d6 5.Be2 O-O 6.Nf3 e5 7.O-O Nc6 8.d5 Ne7
9.Be3 Nh5 10.c5 f5 11.cxd6 cxd6 12.Ng5 Nf4 13.Bxf4 exf4 14.exf5 Nxf5 15.Ne6 Bxe6
16.dxe6 Qh4 17.Bf3 Be5 18.Re1 Kh8 19.Qd5 Rae8 20.Rad1 g5 21.h3 Qh6 22.Ne4 Rxe6
23.Qxb7 Re7 24.Qd5 Bxb2 25.Bg4 Ref7 26.Bxf5 Rxf5 27.Qxd6 Qg7 28.f3 h6 29.Re2 Be5
30.Qc6 R5f7 31.Red2 Rc7 32.Qa6 Kh7 33.Rd5 Qe7 34.Qb5 Bg7 35.Kh2 Kh8 36.Rd7 Qe8
37.R1d6 Rxd7 38.Qxd7 Qxd7 39.Rxd7 Rb8 40.Rxa7 Rb1 41.Rd7 Ra1 42.Rd2 Be5 43.h4 g4
44.fxg4 f3+ 45.Ng3 Rf1 46.Kh3 Rg1 47.Rf2 fxg2 48.Rxg2 Re1 49.g5 hxg5 50.hxg5 Bxg3
51.Rxg3 Kg7 52.Ra3 Kg6 53.Ra5 Kh5 54.Kg3 Rf1 55.a4 Rf8 56.Rb5 Rf7 57.a5 Rf1
58.Rc5 Kg6 59.Kg4 Kg7 60.a6 Ra1 61.Rc7+ Kg6 62.Rc6+ Kg7 63.Kf5 Ra5+ 64.Kf4 Kf7
65.g6+ Kg7 66.Ke4 Kh6 67.Kd4 Kg7 68.Kc4  1-0

[Event "Int ch-SVK OpenA"]
[Site "Banska Stiavnica SVK"]
[Date "2010.07.18"]
[Round "9"]
[White "De Marchi,O"]
[Black "Talla,V"]
[Result "1-0"]
[WhiteElo "2212"]
[BlackElo "2476"]

1.d4 Nf6 2.c4 g6 3.Nc3 Bg7 4.e4 d6 5.Nf3 O-O 6.Be2 e5 7.O-O Nc6 8.d5 Ne7
9.Nd2 a5 10.a3 Bd7 11.Rb1 a4 12.b4 axb3 13.Rxb3 b6 14.a4 Ne8 15.Ra3 f5 16.f3 Bh6
17.Nb3 Bxc1 18.Qxc1 Nf6 19.Qe3 fxe4 20.fxe4 Ng4 21.Rxf8+ Kxf8 22.Bxg4 Bxg4
23.Qg5 Bd7 24.Qf6+ Kg8 25.a5 Qf8 26.Qxf8+ Rxf8 27.axb6 cxb6 28.Ra7 Rd8 29.Rb7 Nc8
30.Nb5 Kf7 31.Kf2 h6 32.Nc1 Kf6 33.Ke3 h5 34.Nd3 h4 35.Nb4 h3 36.g3 Bg4 37.Nd3 Bd7
38.Nf2 Kg5 39.Nc3 Kh5 40.Ne2 g5 41.g4+ Kg6 42.Ng3 Kf6 43.Nf5 Kf7 44.Nxh3 Kf6
45.Ng1 Kf7 46.Ne2 Kf6 47.Nc3 Kg6 48.Kf3 Kf6 49.Kg3 Kg6 50.Nb5 Bxb5 51.cxb5 Kf6
52.Rb8 Re8 53.Ra8  1-0

[Event "Open"]
[Site "Antakya TUR"]
[Date "2010.07.19"]
[Round "7"]
[White "Morchiashvili,B"]
[Black "Annaberdiyev,B"]
[Result "1-0"]
[WhiteElo "2363"]
[BlackElo "2311"]

1.Nf3 Nf6 2.d4 g6 3.c4 Bg7 4.Nc3 O-O 5.e4 d6 6.Be2 e5 7.O-O Nc6 8.d5 Ne7
9.b4 a5 10.Ba3 axb4 11.Bxb4 Nd7 12.a4 f5 13.a5 fxe4 14.Ng5 Nf6 15.c5 e3 16.cxd6 exf2+
17.Rxf2 cxd6 18.Ne6 Bxe6 19.dxe6 Ne8 20.Rxf8+ Bxf8 21.Qf1 Bg7 22.Qf7+ Kh8
23.Rd1 Rc8 24.Nb5 Nf5 25.Bg4 Qf6 26.Bxf5 gxf5 27.Nxd6 Nxd6 28.Bxd6 h6 29.Rf1 f4
30.g3 Rg8 31.Kh1 Qd8 32.e7 Qd7 33.Qd5 fxg3 34.Rf8 g2+ 35.Kg1 Bxf8  1-0

[Event "Open"]
[Site "Antakya TUR"]
[Date "2010.07.19"]
[Round "8"]
[White "Ersahin,B"]
[Black "Abbasov,F"]
[Result "0-1"]
[WhiteElo "2166"]
[BlackElo "2549"]

1.d4 Nf6 2.c4 g6 3.Nc3 Bg7 4.e4 d6 5.Nf3 O-O 6.Be2 e5 7.O-O Nc6 8.d5 Ne7
9.b4 Nh5 10.Re1 c6 11.a4 f5 12.Ng5 Nf6 13.Bf3 h6 14.Ne6 Bxe6 15.dxe6 fxe4
16.Nxe4 Nxe4 17.Bxe4 d5 18.cxd5 cxd5 19.Bc2 Qd6 20.Qg4 e4 21.Rb1 Rac8 22.Bb3 Qxb4
23.Bf4 e3 24.fxe3 g5 25.Bxd5 Qxa4 26.Rxb7 Rce8 27.Bb3 Qe4 28.Rxa7 Qb4 29.Rb1 gxf4
30.Qh5 fxe3 31.Ra4 Qd2 32.Qf7+ Kh8 33.Ra2 Qd4 34.Ra4 Qd3  0-1

[Event "33rd Taminco Open"]
[Site "Ghent BEL"]
[Date "2010.07.19"]
[Round "5"]
[White "Stork,O"]
[Black "Van Mechelen,J"]
[Result "1/2-1/2"]
[WhiteElo "2118"]
[BlackElo "2278"]

1.Nf3 Nf6 2.c4 g6 3.Nc3 Bg7 4.d4 O-O 5.e4 d6 6.Be2 e5 7.O-O Nc6 8.d5 Ne7
9.b4 c6 10.Qb3 a5 11.Rb1 axb4 12.Qxb4 c5 13.Qb6 Qd7 14.Qb5 Qd8 15.Qb6 Qd7
16.Qb5  1/2-1/2

[Event "2nd Artemis Cup"]
[Site "Leros GRE"]
[Date "2010.07.20"]
[Round "9"]
[White "Nikolaidis,I"]
[Black "Jankovic,A"]
[Result "1-0"]
[WhiteElo "2493"]
[BlackElo "2567"]

1.c4 Nf6 2.Nf3 g6 3.Nc3 Bg7 4.e4 d6 5.d4 O-O 6.Be2 e5 7.O-O Nc6 8.d5 Ne7
9.Rb1 Nd7 10.b4 a5 11.a3 Kh8 12.Be3 Ng8 13.c5 axb4 14.axb4 f5 15.Ng5 Nxc5
16.bxc5 f4 17.Bd2 Qxg5 18.Nb5 c6 19.dxc6 dxc5 20.Nc7 Ra7 21.cxb7 Bh3 22.Bf3 Rb8
23.Nb5 Raxb7 24.Nd6 Rd7 25.Rxb8 Rxd6 26.Bxf4 Qf6 27.Bg5 Rxd1 28.Bxf6 Rxf1+
29.Kxf1 Bxg2+ 30.Kxg2 Bxf6 31.Be2 Kg7 32.Rb7+ Ne7 33.Rc7 Bg5 34.Rxc5 Bf4
35.Bc4 Kf6 36.Rc7 h5 37.Ra7 g5 38.Ra6+ Kg7 39.Be2 h4 40.Bc4 Bd2 41.Kf3  1-0

[Event "25th Touraine Open"]
[Site "Avoine FRA"]
[Date "2010.07.21"]
[Round "5"]
[White "Fomichenko,E"]
[Black "Bouget,A"]
[Result "1-0"]
[WhiteElo "2458"]
[BlackElo "2140"]

1.Nf3 Nf6 2.c4 g6 3.Nc3 Bg7 4.e4 d6 5.d4 O-O 6.Be2 e5 7.O-O Nc6 8.d5 Ne7
9.b4 a5 10.Ba3 axb4 11.Bxb4 Nd7 12.a4 Bh6 13.Nd2 f5 14.Nb3 b6 15.a5 Nc5 16.Ra3 fxe4
17.axb6 Rxa3 18.bxc7 Qxc7 19.Bxa3 Nxb3 20.Qxb3 e3 21.Nb5 Qd8 22.Nxd6 exf2+
23.Rxf2 Rxf2 24.Kxf2 Nf5 25.Nxf5 Bxf5 26.Bb2 Qd6 27.Qc3 Qc5+ 28.Kf1 Bf4 29.Ba3 Qb6
30.Qb4 Qf6 31.Qe7 Qxe7 32.Bxe7 Kf7 33.Bb4 Be4 34.Kf2 Ke8 35.g3 Bg5 36.Bf3 Bd3
37.c5 e4 38.Be2 e3+ 39.Kf3 Bf5 40.h4 Bh6 41.c6 g5 42.g4  1-0

[Event "Sparkassen Open A"]
[Site "Dortmund GER"]
[Date "2010.07.22"]
[Round "6"]
[White "Schorra,H"]
[Black "Carrasco,Pau"]
[Result "1-0"]
[WhiteElo "2111"]
[BlackElo "2038"]

1.Nf3 d6 2.d4 Nf6 3.c4 g6 4.Nc3 Bg7 5.e4 O-O 6.Be2 e5 7.O-O Nc6 8.d5 Ne7
9.Ne1 Ne8 10.Be3 f5 11.f3 f4 12.Bf2 g5 13.c5 Ng6 14.Rc1 Rf7 15.Nd3 Nf6 16.b4 Bf8
17.b5 Rg7 18.Na4 h5 19.b6 cxb6 20.cxb6 a6 21.Qb3 g4 22.Rc7 Be7 23.Nac5 dxc5
24.d6+ Kh8 25.dxe7 Rxe7 26.Rxe7 Qxe7 27.Bxc5 Qe6 28.Qxe6 Bxe6 29.Bd6 Nd7
30.Rc1 Nxb6 31.Nxe5 gxf3 32.Nxg6+ Kg7 33.Nxf4 Bxa2 34.Bxf3 Nc4 35.Nxh5+ Kf7
36.Bg3 b5 37.e5 Rd8 38.Ra1 Rd2 39.Bf4 Rb2 40.Bd5+ Kg6 41.Ng3  1-0

[Event "XIV Battle Of Senta"]
[Site "Senta SRB"]
[Date "2010.07.23"]
[Round "8"]
[White "Kovacs,Art"]
[Black "Radovanovic,Mil"]
[Result "1/2-1/2"]
[WhiteElo "2120"]
[BlackElo "2116"]

1.d4 Nf6 2.Nf3 g6 3.c4 Bg7 4.Nc3 d6 5.e4 O-O 6.Be2 Nc6 7.O-O e5 8.dxe5 Nxe5
9.Nxe5 dxe5 10.Qxd8 Rxd8 11.Bg5 c6 12.Rfd1 Be6 13.b3 h6 14.Be3 b6 15.f3 Ne8
16.Kf1 f5 17.a4 f4 18.Bf2 Bf8 19.a5 Bb4 20.Na2 bxa5 21.Nxb4 Rxd1+ 22.Bxd1 axb4
23.Rxa7 Rxa7 24.Bxa7 Nf6 25.Bc5 Nd7 26.Bxb4 c5 27.Ba3 Kf7 28.Ke2 Ke7 29.Kd3 Kd6
30.b4 cxb4 31.Bxb4+ Nc5+ 32.Kc3 Bd7 33.Bc2 g5 34.Ba5 h5 35.Bd8 g4 36.Kb4 gxf3
37.gxf3 Ne6 38.Bb6 Ng5 39.Bd1 Bh3 40.Bd8 Ne6 41.Bh4 Bg2 42.Bf2 Kc6 43.h4 Nc7
44.Ba4+ Kb7 45.Bd1 Kc6 46.Be2 Na6+ 47.Kc3 Nc5 48.Bg1 Na6 49.Bd1 Nc5 50.Bf2 Bf1
51.Bg1 Bg2 52.Bf2 Bf1 53.Bg1  1/2-1/2

[Event "TCh-MNE Premier League"]
[Site "Cetinje MNE"]
[Date "2010.07.24"]
[Round "1"]
[White "Rajkovic,Du"]
[Black "Todorovic,J"]
[Result "1/2-1/2"]
[WhiteElo "2453"]
[BlackElo "2410"]

1.d4 Nf6 2.c4 g6 3.Nc3 Bg7 4.e4 d6 5.Nf3 O-O 6.Be2 e5 7.O-O Nc6 8.d5 Ne7
9.a4 a5 10.b3 Nd7 11.Ba3 Kh8 12.Ne1 f5 13.Nd3 b6 14.b4 axb4 15.Bxb4 Nc5 16.f3 Bh6
17.a5 Be3+ 18.Kh1 Ng8 19.axb6 Rxa1 20.Qxa1 cxb6 21.exf5 Bxf5 22.Nxc5 bxc5
23.Nd1 Bd4 24.Bc3 Nf6 25.Nf2 Qb6 26.g4 Bc2 27.Bxd4 cxd4 28.Qa2 d3 29.Nxd3 Bxd3
30.Bxd3 Qd4 31.Qb3 Nd7 32.Be2 Rb8 33.Qd1 Rb2 34.Qxd4 exd4 35.Bd3 Ne5 36.Be4 Nxc4
37.Rd1 Nd2 38.Kg1 Kg7 39.g5 Kf7 40.h4 Ke7 41.Ra1 Nxe4 42.Re1 Kd7 43.Rxe4 d3
44.Rd4 d2 45.Kf1 Rb4 46.Rxd2 Rxh4 47.Kg2 h6 48.gxh6  1/2-1/2

[Event "3rd Open"]
[Site "Paleochora GRE"]
[Date "2010.07.24"]
[Round "4"]
[White "Tchantcev,C"]
[Black "Polzin,R"]
[Result "1/2-1/2"]
[WhiteElo "2284"]
[BlackElo "2494"]

1.d4 Nf6 2.Nf3 d6 3.c4 g6 4.Nc3 Bg7 5.e4 O-O 6.Be2 e5 7.O-O Nc6 8.d5 Ne7
9.Ne1 Nd7 10.f3 f5 11.g4 Kh8 12.h4 Ng8 13.Ng2 f4 14.Bd2 Bf6 15.Be1 Be7 16.Bf2 Nh6
17.Kh2 Nf7 18.Rh1 Kg7 19.Kg1 h5 20.g5 a5 21.Ne1 Nc5 22.Nd3 b6 23.b3 Bd7 24.Rb1 Rh8
25.Kf1 c6 26.a3 Nxd3 27.Bxd3 c5 28.Ke2 Qc7 29.Qc2 Rhb8 30.Rb2 Qc8 31.Kd2 Be8
32.Qd1 Nd8 33.Qe2 Nb7 34.Rhb1 Bd8 35.Qf1 Bd7 36.Qd1 Be8 37.Qh1 Bd7 38.Bf1 Kh7
39.Rc1 Kg7 40.Nb5 Be7 41.Nc3  1/2-1/2

[Event "21st Czech GM Open"]
[Site "Pardubice CZE"]
[Date "2010.07.24"]
[Round "2"]
[White "Korobov,A"]
[Black "Aguettaz,M"]
[Result "1-0"]
[WhiteElo "2657"]
[BlackElo "2406"]

1.d4 Nf6 2.c4 g6 3.Nc3 Bg7 4.e4 O-O 5.Nf3 d6 6.Be2 e5 7.O-O Nc6 8.d5 Ne7
9.b4 Nh5 10.Re1 f5 11.Ng5 Nf6 12.f3 c6 13.Be3 h6 14.Ne6 Bxe6 15.dxe6 Qc7
16.b5 Rfd8 17.bxc6 bxc6 18.Qa4 Qc8 19.Rab1 Qxe6 20.Rb7 Rd7 21.Reb1 Bf8 22.Qa6 Rxb7
23.Rxb7 Qc8 24.c5 d5 25.exd5 cxd5 26.f4 Rb8 27.Rxb8 Qxb8 28.Qxf6 d4 29.Bc4+ Kh7
30.Qf7+ Kh8 31.Bd2  1-0

[Event "21st Czech GM Open"]
[Site "Pardubice CZE"]
[Date "2010.07.24"]
[Round "2"]
[White "Szablowski,P"]
[Black "Baryshpolets,A"]
[Result "1/2-1/2"]
[WhiteElo "2321"]
[BlackElo "2450"]

1.Nf3 Nf6 2.c4 g6 3.d4 Bg7 4.Nc3 O-O 5.e4 d6 6.Be2 e5 7.O-O Nc6 8.d5 Ne7
9.Ne1 Nd7 10.Be3 f5 11.f3 f4 12.Bf2 g5 13.a4 a5 14.Nd3 b6 15.b4 axb4 16.Nxb4 Nf6
17.a5 bxa5 18.Nc6 Nxc6 19.dxc6 Be6 20.Qd2 g4 21.Nd5 Bxd5 22.cxd5 g3 23.hxg3 Nh5
24.Qe1 Bh6 25.gxf4 Bxf4 26.g4 Qg5 27.Bh4 Qg7 28.Kf2 Nf6 29.Bd3 a4 30.Ke2 Rfb8
31.Qc3 Kf7 32.Rh1 h6 33.Bc2 Rb5 34.Rxa4 Rab8 35.Ra7 Kg6 36.Rb7 R8xb7 37.cxb7 Rxb7
38.Ba4 Nd7 39.Bf2 Qe7 40.Bc6 Rb8 41.Ra1 Nc5 42.Ra8 Rxa8  1/2-1/2

[Event "ch-AUT"]
[Site "Vienna AUT"]
[Date "2010.07.25"]
[Round "2"]
[White "Neubauer,M"]
[Black "Roth,Pe"]
[Result "1-0"]
[WhiteElo "2433"]
[BlackElo "2271"]

1.Nf3 Nf6 2.c4 g6 3.Nc3 Bg7 4.e4 d6 5.d4 O-O 6.Be2 e5 7.O-O Nc6 8.d5 Ne7
9.Ne1 Nd7 10.Nd3 f5 11.Bd2 Kh8 12.f3 Ng8 13.b4 Rf7 14.c5 Bf8 15.f4 exf4 16.Nxf4 dxc5
17.Ne6 Qf6 18.exf5 gxf5 19.Ne4 Qh4 20.N4g5 Rf6 21.Bc3 h6 22.g3  1-0

[Event "TCh-MNE Premier League"]
[Site "Cetinje MNE"]
[Date "2010.07.26"]
[Round "3"]
[White "Nikcevic,N"]
[Black "Nikolic,N MNE"]
[Result "0-1"]
[WhiteElo "2409"]
[BlackElo "2386"]

1.Nf3 Nf6 2.c4 g6 3.Nc3 Bg7 4.e4 d6 5.d4 O-O 6.Be2 e5 7.O-O Nc6 8.d5 Ne7
9.a4 a5 10.Ne1 Nd7 11.Nd3 f5 12.f3 b6 13.Nb5 Nf6 14.Nf2 Kh8 15.Bd2 Neg8 16.b4 axb4
17.Bxb4 Bh6 18.a5 bxa5 19.Rxa5 Rb8 20.Ra3 Bd7 21.Ba5 Ne8 22.exf5 gxf5 23.Re1 Bxb5
24.cxb5 Ne7 25.Bf1 Nf6 26.Bc4 Ng6 27.Nd3 Rg8 28.Nb4 Nf4 29.Ra2 N6h5 30.Na6 Rc8
31.Bf1 Qh4 32.Bxc7 Ng3 33.hxg3 Rxg3 34.Bxd6 Nh3+ 35.Kh2 Bf4 36.Qa1 Rxg2+  0-1

[Event "21st Czech GM Open"]
[Site "Pardubice CZE"]
[Date "2010.07.26"]
[Round "4"]
[White "Gavrilov,Al1"]
[Black "Geske,J"]
[Result "1/2-1/2"]
[WhiteElo "2493"]
[BlackElo "2348"]

1.d4 Nf6 2.c4 g6 3.Nc3 Bg7 4.e4 d6 5.Nf3 O-O 6.Be2 e5 7.O-O Nc6 8.d5 Ne7
9.a4 a5 10.Ne1 Nd7 11.Nd3 f5 12.f3 Kh8 13.Be3 b6 14.Nb5 Nc5 15.Nxc5 dxc5
16.Qd3 f4 17.Bd2 Ba6 18.Rfd1 Nc8 19.g3 Nd6 20.Bf1 Bxb5 21.cxb5 Qf6 22.Bg2 g5
23.Rf1 Qh6 24.Rae1 Qh5 25.Rf2 Rf6 26.gxf4 gxf4 27.Bf1 Rh6 28.Rg2 Bf6 29.Ree2 Rg8
30.Rxg8+ Kxg8 31.Rg2+ Rg6 32.Qe2 Rxg2+ 33.Bxg2 Nf7 34.Kh1 Be7 35.Bc3 Bd6
36.b3 Ng5 37.Qf2 Kf8 38.Qf1 Kf7 39.Be1 Kf8 40.Kg1 Be7 41.Kh1 Bd6 42.Qe2 Nf7
43.Qf2 Be7 44.Bf1 Ng5 45.Be2 Bd6 46.Qh4 Qxh4 47.Bxh4 h6 48.Be1 Kg7 49.Bc3 Kf6
50.Kg2 Kg6 51.Bf1 Kf6 52.Kf2 Kg6 53.Bg2 Kf6 54.h4 Nf7 55.Bh3 h5 56.Bd7 Nh8
57.Be8 Ng6 58.Be1 Kg7 59.Ke2 Kh6 60.Kd3 Kg7  1/2-1/2

[Event "21st Czech GM Open"]
[Site "Pardubice CZE"]
[Date "2010.07.26"]
[Round "4"]
[White "Korobov,A"]
[Black "Maslak,K"]
[Result "1-0"]
[WhiteElo "2657"]
[BlackElo "2560"]

1.d4 Nf6 2.c4 g6 3.Nc3 Bg7 4.e4 d6 5.Nf3 O-O 6.Be2 e5 7.O-O Nc6 8.d5 Ne7
9.b4 Nh5 10.Re1 f5 11.Ng5 Nf6 12.f3 Kh8 13.Rb1 h6 14.Ne6 Bxe6 15.dxe6 fxe4
16.fxe4 Nc6 17.Nd5 Ng8 18.Qd3 Nd4 19.Qh3 Re8 20.Bg4 c6 21.Nc3 Qe7 22.b5 Nxe6
23.Bxe6 Qxe6 24.Qxe6 Rxe6 25.bxc6 bxc6 26.Be3 Re7 27.Red1 Rd7 28.a4 Nf6 29.a5 Rc8
30.a6 d5 31.exd5 cxd5 32.Nxd5 Rd6 33.Rb7 Rxa6 34.Ne7 Rxc4 35.Bxh6 Nh5 36.Bxg7+ Nxg7
37.h3 Rd4 38.Rc1 Rd8 39.Rcc7 Ne8 40.Rc5 Rf6 41.Rxe5 Ng7 42.Rxa7 Rdf8 43.Re4 Nf5
44.Kh2 Rd8 45.Nd5 Rfd6 46.Ne7 Rf6 47.h4 Rd4 48.Rxd4 Nxd4 49.g4 Re6 50.Rc7 Re2+
51.Kg3 Re3+ 52.Kf4 Re6 53.Kg5 Nb5 54.Rd7 Nd6 55.Nxg6+ Kg8 56.h5 Nf7+ 57.Kh4 Re4
58.Ra7 Rb4 59.Ne7+ Kf8 60.Nf5 Ne5 61.Rg7 Nf3+ 62.Kg3 Nd4 63.h6 Rb3+ 64.Kh4 Nf3+
65.Kh5 Rb2 66.Kg6 Ne5+ 67.Kh7 Rf2 68.Nh4 Ke8 69.g5 Ng4 70.Ra7 Rh2 71.Nf5 Rh5
72.Ng7+  1-0

[Event "ch-CRC"]
[Site "San Jose CRC"]
[Date "2010.07.26"]
[Round "1"]
[White "Alfaro Rojas,A"]
[Black "Duran Vega,S"]
[Result "1-0"]
[WhiteElo "2188"]
[BlackElo "2156"]

1.d4 Nf6 2.c4 g6 3.Nc3 Bg7 4.e4 d6 5.Nf3 O-O 6.Be2 e5 7.O-O Nc6 8.d5 Ne7
9.b4 Ne8 10.Nd2 f5 11.f3 Nf6 12.c5 f4 13.a4 g5 14.Nc4 Ng6 15.Ba3 Rf7 16.a5 h5
17.b5 dxc5 18.Bxc5 g4 19.Kh1 g3 20.b6 Bf8 21.bxc7 Rxc7 22.Bg1 Bc5 23.d6 Rc6
24.Nd5 Bxg1 25.Kxg1 Nxe4 26.Ne7+ Nxe7 27.fxe4 Ng6 28.Qd5+ Kg7 29.hxg3 Bg4
30.Bxg4 hxg4 31.Nxe5 Qxd6 32.Nxc6 Qxd5 33.exd5 bxc6 34.dxc6 Rc8 35.Rac1 fxg3
36.c7 Ne5 37.Rfd1 Nf7 38.Rd7 Kg6 39.Rc6+  1-0

[Event "TCh-MNE Premier League"]
[Site "Cetinje MNE"]
[Date "2010.07.27"]
[Round "4"]
[White "Mihajlovic,V"]
[Black "Djukic,Ni"]
[Result "0-1"]
[WhiteElo "2364"]
[BlackElo "2503"]

1.d4 Nf6 2.c4 g6 3.Nc3 Bg7 4.e4 d6 5.Nf3 O-O 6.Be2 e5 7.O-O Nc6 8.d5 Ne7
9.Ne1 Ne8 10.Be3 f5 11.f3 f4 12.Bf2 h5 13.c5 g5 14.cxd6 cxd6 15.a4 Ng6 16.a5 Rf7
17.Nb5 a6 18.Nc3 Nf6 19.Na4 g4 20.Nb6 Rb8 21.Nxc8 Qxc8 22.Rc1 Qd7 23.Bb6 Rc8
24.Nd3 Rxc1 25.Qxc1 Bf8 26.Nf2 Rg7 27.Kh1 Nh4 28.Rg1 g3 29.hxg3 Rxg3 30.Qc7 Qe8
31.Nh3 Rg7 32.Qc3 Qd7 33.Bf1 Be7 34.Bf2 Ng4 35.fxg4 hxg4 36.Bxh4 Bxh4 37.Be2 gxh3
38.gxh3 Bg3 39.Bf1 Rh7 40.Rxg3+ fxg3 41.Qxg3+ Qg7 42.Qf3 Qg5 43.b4 Rf7 44.Qg2 Qxg2+
45.Kxg2 Rf4 46.Bd3 Kg7 47.Kg3 Kh6 48.h4 Rf7 49.b5 axb5 50.Bxb5 Rg7+ 51.Kh3 Rg1
52.Bd7 Ra1 53.Bc8 Rxa5 54.Bxb7 Kh5  0-1

[Event "ch-AUT"]
[Site "Vienna AUT"]
[Date "2010.07.27"]
[Round "4"]
[White "Karner,C"]
[Black "Jedinger,A"]
[Result "1-0"]
[WhiteElo "2345"]
[BlackElo "2177"]

1.d4 Nf6 2.c4 g6 3.Nc3 Bg7 4.e4 d6 5.Nf3 O-O 6.Be2 e5 7.O-O Nc6 8.d5 Ne7
9.Ne1 Nd7 10.Nd3 f5 11.Bd2 fxe4 12.Nxe4 Nf5 13.f3 Nf6 14.Ndf2 Bd7 15.Rc1 Kh8
16.Bg5 h6 17.Bxf6 Bxf6 18.Nxf6 Qxf6 19.Qd2 Kg7 20.c5 Nd4 21.Bd3 Bf5 22.Rc4 Rf7
23.f4 Bxd3 24.Nxd3 Raf8 25.cxd6 cxd6 26.Rf2 Qh4 27.Qe3 b5 28.Rc1 Nf5 29.Qe1 Nd4
30.Qe4 Qh5 31.Re1 Qf5 32.fxe5 Qxe4 33.Rxf7+ Rxf7 34.Rxe4 dxe5 35.Nxe5 Rf4
36.Re3 Nf5 37.Rd3 Re4 38.Nc6 Nd6 39.Kf2 Rc4 40.Re3 Nf5 41.Re6 Rf4+ 42.Ke1 a5
43.d6 Nd4 44.Re7+ Kf6 45.Nd8 g5 46.g3 Nf3+ 47.Kf2 Rd4 48.Re6+  1-0

[Event "Tch-POR 1st Div Final"]
[Site "Vila Nova de Gaia POR"]
[Date "2010.07.27"]
[Round "4.2"]
[White "Buhmann,R"]
[Black "Ferreira,Jor1"]
[Result "0-1"]
[WhiteElo "2573"]
[BlackElo "2324"]

1.Nf3 Nf6 2.c4 g6 3.Nc3 Bg7 4.e4 d6 5.d4 O-O 6.Be2 e5 7.O-O Nc6 8.d5 Ne7
9.b4 Nh5 10.Re1 a5 11.bxa5 Rxa5 12.a4 f5 13.Nd2 Nf6 14.exf5 Nxf5 15.Nb3 Ra8
16.Bg5 b6 17.Bg4 h6 18.Bxf6 Qxf6 19.Ra2 h5 20.Bh3 Bh6 21.Kh1 Qh4 22.Re4 Qg5
23.Qd3 Nh4 24.Qg3 Nf5 25.Qxg5 Bxg5 26.Re1 Bh6 27.Nb5 Rf7 28.a5 bxa5 29.Rxa5 Rxa5
30.Nxa5 g5 31.f3 g4 32.fxg4 hxg4 33.Bxg4 Bd2 34.Ra1 Ng3+ 35.hxg3 Bxg4 36.Nb3 Rh7+  0-1